| 000 | 01882nam2a22002771 4500 | ||
|---|---|---|---|
| 001 | rc\4092586 | ||
| 005 | 20260406100204.0 | ||
| 021 |
_aRU _b[51-6493] |
||
| 035 | _a(NLR Aleph) 008133411 | ||
| 090 |
_a9438393 _c9438393 |
||
| 100 | _a20130415d1951 u y0rusy50 ca | ||
| 101 | 0 | _arus | |
| 102 | _aRU | ||
| 105 | _ay z ||||| | ||
| 200 | 1 |
_a[Водлозеро _aКенозеро _aМоша _fПодготовка текста и коммент. А.И. Никифорова и Г.С. Виноградова] |
|
| 210 |
_cИзд-во Акад. наук СССР _d1951 |
||
| 215 | _a671 с. | ||
| 461 | 0 |
_1001rc\4092583 _12001#$aОнежские былины, записанные А.Ф. Гильфердингом летом 1871 года$f[Отв. ред. проф. А.М. Астахова$gВступ. статья: В.Г. Базанов. "А.Ф. Гильфердинг и его "Онежские былины", с. 1-28]$gАкад. наук СССР. Ин-т рус. литературы (Пушкинский дом). Сектор фольклора$vТ. 3 _1700#1$aГильфердинг$bА.Ф.$f1831-1872$gАлександр Федорович _99438375 _aГильфердинг, А.Ф. (1831-1872) _cМосква _d1949 _e4-е изд. Т. 1- _f[Отв. ред. проф. А.М. Астахова _nИзд-во и 1-я тип. Изд-ва Акад. наук СССР в Л. _tОнежские былины, записанные А.Ф. Гильфердингом летом 1871 года _vТ. 3 |
|
| 702 | 1 |
_aВиноградов _bГ.С. _4212 |
|
| 702 | 1 |
_4212 _7ca _8rus _aНикифоров _bА. И. _cфилолог, этнограф, фольклорист _f1893-1942 _gАлександр Исаакович _3RU\NLR\AUTH\770288660 _92692862 |
|
| 801 | 0 |
_aRU _bNLR _gpsbo |
|
| 801 | 1 |
_aRU _bELAR _2rusmarc |
|
| 852 |
_aNLR _jЛ20 Г-5/182 |
||
| 942 | _cBOOK | ||
| 980 | _aNB | ||